Discrete mathematics and graph theory / (Record no. 32970)

MARC details
000 -LEADER
fixed length control field 00832cam a2200229 a 4500
005 - DATE AND TIME OF LATEST TRANSACTION
control field 20181228150517.0
008 - FIXED-LENGTH DATA ELEMENTS--GENERAL INFORMATION
fixed length control field 060803s2007 njua b 001 0 eng
010 ## - LCCN (DPL NO)
LC control number ENG-95644
020 ## - INTERNATIONAL STANDARD BOOK NUMBER
International Standard Book Number 9788120338807
Terms of availability 295.00
035 ## - SYSTEM CONTROL NUMBER
System control number EN-79177, B-182220
037 ## - SOURCE OF ACQUISITION
Stock number DBAD/PUB
040 ## - CATALOGING SOURCE
Original cataloging agency DPL
082 ## - DEWEY DECIMAL CLASSIFICATION NUMBER
Classification number 510
100 ## - MAIN ENTRY--PERSONAL NAME
Personal name Biswal, Purna Chandra
245 ## - TITLE STATEMENT
Title Discrete mathematics and graph theory /
Statement of responsibility, etc by Purna Chandra Biswal
250 ## - EDITION STATEMENT
Edition statement 2nd ed.
260 ## - PUBLICATION, DISTRIBUTION, ETC. (IMPRINT)
Place of publication, distribution, etc New Delhi :
Name of publisher, distributor, etc PHI Learning P. Ltd.
Date of publication, distribution, etc 2009
300 ## - PHYSICAL DESCRIPTION
Extent xviii, 490p. :
Dimensions 24 cm. (Pbk)
500 ## - GENERAL NOTE
General note Includes bibliography ref. and indexes.
942 ## - ADDED ENTRY ELEMENTS (KOHA)
Source of classification or shelving scheme Dewey Decimal Classification
Item type English Books
Call number suffix BIS
Classification part 510
Holdings
Withdrawn status Lost status Source of classification or shelving scheme Damaged status Not for loan Collection code Home library Current library Date acquired Source of acquisition Cost, normal purchase price Total Checkouts Full call number Barcode Date last seen Copy number Cost, replacement price Koha item type
    Dewey Decimal Classification   Not For Loan Non-fiction D.B.Act.Division Bawana 16/12/2009 DBAD / PUB 295.00   510BIS EN-79177 16/12/2009 1 295.00 English Books
    Dewey Decimal Classification     Non-fiction Shahdara Branch Shahdara Branch 04/06/2018 BPPD/PUB 295.00   BIS B-182220 04/06/2018   295.00 English Books

© Delhi Public Library
Hit Counter
free hit counter